00525nam a22001574a 45000050016000000080041000160200025000570370008000820400018000902450061001082460042001692600051002112700062002623000024003247000019003482010050608548.0090211s2008 ii ab b 000 0 eng  a9788172451127c75.00 bPUB adplbEnglish  a200 challenging chess puzzles /cedited by Martin Grief  aTwo hundred challenging chess puzzles aNew Delhi bGoodwill Publishing House c(200?) aB-3, Rattan Jyoti, 18 Rajendra Place,bNew Delhi e110008 a143p. c24 cm(pbk)  aGrief, Martin